00417nam a2200169Ia 4500008004100000020001800041245002300059245004700082260001500129260001600144260000900160300001500169300002500184300001000209440002000219500000800239170705s9999 xx 000 0 und d a9780545550444 4aThe reading race / cAbby Klein ; illustrated by John McKinley. aNew York : bScholastic, c2013 a94 pages : bcolor illustration ; c19cm. aReady, Freddy!. a430